Evolution and Ecology of the Organism. (Record no. 1684)

MARC details
000 -LEADER
fixed length control field 00389nam a22001217a 4500
005 - DATE AND TIME OF LATEST TRANSACTION
control field 20200902162437.0
008 - FIXED-LENGTH DATA ELEMENTS--GENERAL INFORMATION
fixed length control field 200902b ||||| |||| 00| 0 eng d
020 ## - INTERNATIONAL STANDARD BOOK NUMBER
International Standard Book Number 0130104043
040 ## - CATALOGING SOURCE
Transcribing agency CML
245 ## - TITLE STATEMENT
Title Evolution and Ecology of the Organism.
Statement of responsibility, etc. Rose, M.R. & Mueller, L.D.
260 ## - PUBLICATION, DISTRIBUTION, ETC.
Place of publication, distribution, etc. Upper Saddle River
Name of publisher, distributor, etc. Pearson Prentice Hall
Date of publication, distribution, etc. 2006
942 ## - ADDED ENTRY ELEMENTS (KOHA)
Source of classification or shelving scheme Dewey Decimal Classification
Koha item type Books
Classification part 576.8
Call number prefix R
Call number suffix ROS
Holdings
Withdrawn status Lost status Source of classification or shelving scheme Damaged status Not for loan Collection code Home library Current library Shelving location Date acquired Total Checkouts Full call number Barcode Date last seen Price effective from Koha item type
    Dewey Decimal Classification     Natural Sciences & Mathematics Chalimbana Main Library Chalimbana Main Library Natural Sciences & Mathematics 09/02/2020   R576.8ROS 9780130104045 09/02/2020 09/02/2020 Books

Powered by Koha